| 000 | 00670pam a2200241 a 4500 | ||
|---|---|---|---|
| 001 | 1461760 | ||
| 003 | OSt | ||
| 005 | 20150913101305.0 | ||
| 008 | 860917s1987 nyua 001 0 eng | ||
| 010 | _a 86021104 | ||
| 020 |
_a0070416400 : _c$37.95 |
||
| 040 | _aSEKU | ||
| 050 | 0 | 0 |
_aHF 5635 _b.M4 1987 |
| 100 | 1 | _aMeigs, Walter B. | |
| 245 | 1 | 0 |
_aAccounting, the basis for business decisions _cWalter B. Meigs, Robert F. Meigs. |
| 250 | _a7th ed. | ||
| 260 |
_aNew York : _bMcGraw-Hill, _cc1987. |
||
| 300 |
_axxiii, 1059, 14 p. : _bcol. ill. ; _c26 cm. |
||
| 500 | _aIncludes index. | ||
| 650 | 0 | _aAccounting. | |
| 700 | 1 | _aMeigs, Robert F. | |
| 942 |
_2lcc _cGEN |
||
| 999 |
_c8866 _d8866 |
||